000 00623nam a22002057a 4500
999 _c16720
_d16720
003 AR-CdUCM
008 190504b ||||| |||| 00| 0 spa d
040 _aMUNICIPALIDAD PROVINCIAL DEL CUSCO
_cBIBLIOTECA MUNICIPAL DEL CUSCO
082 _a980 /
_bK21
100 _aKauffmann Doig, Federico
_96213
245 _aEl Perú arqueológico /
260 _aLima :
_c1963.
300 _a255 páginas ;
_bIlustraciones,
_c21 cm.
505 _aContenido: Historia y arqueología peruana.
650 _aArqueología
_9371
650 _aHistoria
_9136
650 _aPerú
_935
942 _2ddc
_cLIBROS
945 _adavv
_d04/05/2019